| 000 | 01108cam a2200205 4500 | ||
|---|---|---|---|
| 001 | WB3939-16 | ||
| 008 | 031016n2003 000 0 eng u | ||
| 035 | _a(Sirsi) u123937 | ||
| 245 | _aValuation of owner occupied properties | ||
| 260 | _c2003 | ||
| 490 |
_aRICS European Alert _vOctober 2003, 4(1) |
||
| 520 | _aThe International Valuation Standards Committee (IVSC) has issued a consultation paper on the proper valuation of owner occupied property under IAS 16 "Property, plant and equipment". The paper is available on the IVSC website, http://www.ivsc.org/pubs/index.html#exposure. Comments are invited in writing by 31 October 2003 to IVSC, 12 Great George Street, London SW1P 3AD, f +44 (0)1442 879306 or [email protected]. http://www.rics.org/ricscms/bin/show?class=Brief&template=/includes/showbrief.html&id=534 | ||
| 590 | _aWB | ||
| 650 | _aOWNER-OCCUPIED PROPERTIES | ||
| 650 | _aPROPERTY ASSETS | ||
| 650 | _aINTERNATIONAL FINANCIAL REPORTING STANDARDS | ||
| 650 | _aINTERNATIONAL ACCOUNTING STANDARDS | ||
| 690 | _aVALUATION AND INVESTMENT APPRAISAL-COMMERCIAL | ||
| 942 | _n0 | ||
| 999 |
_c73602 _d73602 |
||